[Event "Hastings Masters"]
[Site "Horntye, Hastings"]
[Date "2017.12.29"]
[Round "2.8"]
[White "Arkell, Keith C"]
[Black "Villiers, Thomas"]
[Result "1-0"]
[BlackElo "2136"]
[WhiteElo "2416"]
[LiveChessVersion "1.4.8"]

1. d4 {[%clk 1:37:21]} c5 {[%clk 1:40:53]} 2. d5 {[%clk 1:37:47]} g6
{[%clk 1:41:16]} 3. e4 {[%clk 1:38:03]} Bg7 {[%clk 1:41:40]} 4. Nf3
{[%clk 1:38:20]} d6 {[%clk 1:42:03]} 5. Be2 {[%clk 1:38:10]} Nf6 {[%clk 1:42:19]}
6. Nc3 {[%clk 1:38:37]} O-O {[%clk 1:42:06]} 7. O-O {[%clk 1:39:03]} Na6
{[%clk 1:40:52]} 8. Re1 {[%clk 1:38:25]} Nc7 {[%clk 1:41:11]} 9. a4
{[%clk 1:38:51]} e6 {[%clk 1:39:54]} 10. h3 {[%clk 1:36:47]} b6 {[%clk 1:31:58]}
11. Bc4 {[%clk 1:30:59]} exd5 {[%clk 1:23:09]} 12. exd5 {[%clk 1:31:24]} Bb7
{[%clk 1:23:24]} 13. Bg5 {[%clk 1:13:54]} Qd7 {[%clk 1:23:21]} 14. Qd3
{[%clk 1:10:52]} a6 15. Nd2 Rfe8 {[%clk 1:05:20]} 16. Qf3 {[%clk 0:58:43]} Qf5
{[%clk 1:04:06]} 17. Qxf5 {[%clk 0:59:02]} gxf5 {[%clk 1:04:34]} 18. Nf1
{[%clk 0:45:17]} Nfxd5 {[%clk 0:58:20]} 19. Nxd5 {[%clk 0:43:52]} Bxd5
{[%clk 0:56:12]} 20. Bxd5 {[%clk 0:43:57]} Nxd5 {[%clk 0:56:39]} 21. Rxe8+
{[%clk 0:43:24]} Rxe8 {[%clk 0:57:00]} 22. Rd1 {[%clk 0:43:47]} Nf6
{[%clk 0:55:44]} 23. c3 {[%clk 0:36:11]} Ne4 {[%clk 0:53:39]} 24. Bh4
{[%clk 0:28:57]} f4 {[%clk 0:40:37]} 25. f3 {[%clk 0:28:17]} Ng3 {[%clk 0:40:57]}
26. Nxg3 {[%clk 0:28:24]} fxg3 {[%clk 0:41:20]} 27. Bxg3 {[%clk 0:28:50]} Bf8
{[%clk 0:40:03]} 28. Rd2 {[%clk 0:28:36]} Re6 {[%clk 0:38:21]} 29. c4
{[%clk 0:24:06]} Re3 {[%clk 0:29:34]} 30. Bxd6 {[%clk 0:23:38]} Bxd6
{[%clk 0:28:20]} 31. Rxd6 {[%clk 0:24:01]} Rb3 {[%clk 0:28:44]} 32. a5
{[%clk 0:24:27]} Rxb2 {[%clk 0:24:41]} 33. Rxb6 {[%clk 0:24:45]} Rc2
{[%clk 0:25:01]} 34. Rxa6 {[%clk 0:25:09]} Rxc4 {[%clk 0:25:29]} 35. Rc6
{[%clk 0:23:58]} Rc2 {[%clk 0:25:04]} 36. h4 {[%clk 0:22:43]} Kg7
{[%clk 0:22:30]} 37. Kf1 {[%clk 0:11:32]} c4 {[%clk 0:22:29]} 38. Ke1
{[%clk 0:10:02]} c3 {[%clk 0:21:01]} 39. a6 {[%clk 0:08:32]} Ra2 {[%clk 0:19:43]}
40. Kd1 {[%clk 0:08:53]} h6 {[%clk 0:14:53]} 41. g4 {[%clk 0:08:46]} Kh7
{[%clk 0:07:31]} 42. Kc1 {[%clk 0:06:34]} c2 {[%clk 0:07:54]} 43. g5
{[%clk 0:41:45]} hxg5 {[%clk 0:58:03]} 44. hxg5 {[%clk 0:42:11]} Kg7
{[%clk 0:55:55]} 45. f4 {[%clk 0:42:37]} Kf8 {[%clk 0:50:43]} 46. Rc8+
{[%clk 0:41:14]} Kg7 {[%clk 0:49:54]} 47. Ra8 {[%clk 0:39:36]} Kg6
{[%clk 0:39:44]} 48. a7 {[%clk 0:39:56]} Kh7 {[%clk 0:39:07]} 49. f5
{[%clk 0:40:10]} Kg7 {[%clk 0:39:16]} 50. f6+ {[%clk 0:39:57]} Kh7
{[%clk 0:38:54]} 51. g6+ {[%clk 0:40:10]} Kxg6 {[%clk 0:39:09]} 52. Rg8+
{[%clk 0:40:33]} Kxf6 {[%clk 0:39:34]} 53. a8=Q {[%clk 0:40:55]} Rxa8
{[%clk 0:39:59]} 54. Rxa8 {[%clk 0:41:21]} Kg5 {[%clk 0:40:25]} 55. Kxc2
{[%clk 0:41:39]} f5 {[%clk 0:40:54]} 56. Kd2 {[%clk 0:42:03]} Kg4
{[%clk 0:41:22]} 57. Ke2 {[%clk 0:42:27]} Kg3 {[%clk 0:41:49]} 58. Ra3+
{[%clk 0:42:51]} Kh2 {[%clk 0:42:16]} 59. Kf3 {[%clk 0:42:58]} f4
{[%clk 0:42:44]} 60. Ra1 {[%clk 0:43:23]} Kh3 61. Rh1# {[%clk 0:43:23]} 1-0

[Event "Hastings Masters"]
[Site "Horntye, Hastings"]
[Date "2017.12.29"]
[Round "2.9"]
[White "White, Stuart A"]
[Black "Hebden, Mark L"]
[Result "0-1"]
[BlackElo "2445"]
[WhiteElo "2112"]
[LiveChessVersion "1.4.8"]

1. d4 {[%clk 1:40:57]} Nf6 {[%clk 1:40:51]} 2. Nf3 {[%clk 1:41:16]} g6
{[%clk 1:41:07]} 3. c4 {[%clk 1:41:39]} Bg7 {[%clk 1:41:32]} 4. Nc3
{[%clk 1:42:02]} O-O {[%clk 1:41:56]} 5. e4 {[%clk 1:42:24]} d6 {[%clk 1:42:21]}
6. Be2 {[%clk 1:42:44]} e5 {[%clk 1:42:45]} 7. d5 {[%clk 1:43:10]} a5
{[%clk 1:43:10]} 8. Bg5 {[%clk 1:43:29]} h6 {[%clk 1:43:34]} 9. Bh4
{[%clk 1:43:49]} Na6 {[%clk 1:43:53]} 10. Nd2 {[%clk 1:43:59]} Bd7
{[%clk 1:41:36]} 11. O-O {[%clk 1:41:48]} Qe8 {[%clk 1:38:26]} 12. f3
{[%clk 1:38:17]} Nh5 {[%clk 1:37:27]} 13. b3 {[%clk 1:31:31]} f5 {[%clk 1:36:43]}
14. a3 {[%clk 1:29:39]} Nf4 {[%clk 1:36:29]} 15. b4 {[%clk 1:17:06]} Bf6
{[%clk 1:23:49]} 16. Bf2 {[%clk 1:12:59]} Qe7 17. Kh1 axb4 {[%clk 1:13:45]} 18.
axb4 {[%clk 0:58:12]} Nxb4 {[%clk 1:14:07]} 19. Rxa8 {[%clk 0:53:02]} Rxa8
{[%clk 1:14:30]} 20. Qb3 {[%clk 0:53:09]} Nbd3 {[%clk 1:09:34]} 21. Bxd3
{[%clk 0:51:57]} Nxd3 {[%clk 1:09:49]} 22. Qxb7 {[%clk 0:50:37]} Qd8
{[%clk 1:09:41]} 23. Qb1 {[%clk 0:42:19]} Nxf2+ {[%clk 1:09:29]} 24. Rxf2
{[%clk 0:42:43]} Rb8 {[%clk 1:09:12]} 25. Nb5 {[%clk 0:34:58]} Bxb5
{[%clk 1:08:27]} 26. cxb5 {[%clk 0:34:13]} Qd7 {[%clk 1:08:51]} 27. Nf1
{[%clk 0:24:26]} Qxb5 {[%clk 1:03:27]} 28. Qc1 {[%clk 0:23:36]} Qb6
{[%clk 1:03:36]} 29. Rc2 {[%clk 0:20:43]} Bg5 {[%clk 1:02:00]} 30. Qe1
{[%clk 0:19:40]} Qb1 {[%clk 0:59:31]} 31. Qe2 {[%clk 0:19:12]} fxe4
{[%clk 0:58:34]} 0-1

[Event "Hastings Masters"]
[Site "Horntye, Hastings"]
[Date "2017.12.29"]
[Round "2.10"]
[White "Gormally, Daniel W"]
[Black "Coote, Trevor D"]
[Result "1-0"]
[BlackElo "2104"]
[WhiteElo "2477"]
[LiveChessVersion "1.4.8"]

1. e4 {[%clk 1:40:50]} e6 {[%clk 1:35:41]} 2. d4 {[%clk 1:40:55]} d5
{[%clk 1:36:08]} 3. Nd2 {[%clk 1:40:36]} Nf6 {[%clk 1:36:30]} 4. e5
{[%clk 1:40:41]} Nfd7 {[%clk 1:36:59]} 5. Ngf3 {[%clk 1:40:40]} c5
{[%clk 1:37:14]} 6. c3 {[%clk 1:41:03]} Nc6 {[%clk 1:37:38]} 7. Bd3
{[%clk 1:41:29]} Qb6 {[%clk 1:37:48]} 8. O-O {[%clk 1:41:47]} cxd4
{[%clk 1:38:09]} 9. cxd4 {[%clk 1:42:12]} Nxd4 {[%clk 1:38:30]} 10. Nxd4
{[%clk 1:42:35]} Qxd4 {[%clk 1:37:58]} 11. Nf3 {[%clk 1:43:00]} Qb6
{[%clk 1:38:18]} 12. Qa4 {[%clk 1:43:23]} Qb4 {[%clk 1:33:31]} 13. Qc2
{[%clk 1:43:41]} Nc5 {[%clk 1:05:32]} 14. Bd2 {[%clk 1:43:34]} Qg4
{[%clk 0:46:15]} 15. h3 Qa4 {[%clk 0:38:28]} 16. b3 {[%clk 1:43:00]} Qd7
{[%clk 0:38:09]} 17. Be2 {[%clk 1:43:24]} Be7 18. Be3 {[%clk 1:42:48]} Ne4
{[%clk 0:27:20]} 19. Nd4 {[%clk 1:40:40]} a6 {[%clk 0:27:27]} 20. Bd3
{[%clk 1:38:01]} f5 {[%clk 0:26:15]} 21. exf6 {[%clk 1:36:35]} Nxf6
{[%clk 0:25:46]} 22. Rfe1 {[%clk 1:28:12]} O-O {[%clk 0:20:37]} 23. Nf3 Bd6
{[%clk 0:17:29]} 24. Bd4 {[%clk 1:19:53]} Qc7 {[%clk 0:11:07]} 25. Qe2
{[%clk 1:12:18]} Re8 {[%clk 0:06:40]} 26. Rac1 {[%clk 1:10:04]} Qe7
{[%clk 0:07:09]} 27. Ne5 {[%clk 1:05:24]} Bd7 {[%clk 0:04:56]} 28. Qe3
{[%clk 1:01:54]} Bb5 {[%clk 0:04:12]} 29. Bb1 {[%clk 1:01:28]} Rac8
{[%clk 0:04:19]} 30. a4 {[%clk 1:00:10]} Bc6 {[%clk 0:04:03]} 31. Qd3
{[%clk 0:58:29]} Ba3 {[%clk 0:03:12]} 32. Rc2 {[%clk 0:55:32]} Bd7
{[%clk 0:02:03]} 33. Ng4 {[%clk 0:47:22]} Rxc2 {[%clk 0:01:16]} 34. Bxc2
{[%clk 0:47:27]} Rf8 {[%clk 0:01:11]} 35. Re5 {[%clk 0:42:08]} Kh8
{[%clk 0:00:35]} 36. Nxf6 {[%clk 0:38:33]} gxf6 {[%clk 0:01:03]} 37. Rh5
{[%clk 0:38:55]} Rf7 {[%clk 0:00:51]} 38. Rxh7+ {[%clk 0:39:15]} 1-0

[Event "Hastings Masters"]
[Site "Horntye, Hastings"]
[Date "2017.12.29"]
[Round "2.11"]
[White "Oyama, Akito"]
[Black "Kristiansen, Jens"]
[Result "0-1"]
[BlackElo "2415"]
[WhiteElo "2185"]
[LiveChessVersion "1.4.8"]

1. e4 {[%clk 1:40:57]} c5 {[%clk 1:40:51]} 2. Nc3 {[%clk 1:41:20]} Nc6
{[%clk 1:41:11]} 3. Bb5 {[%clk 1:41:44]} Nd4 {[%clk 1:36:18]} 4. Bc4
{[%clk 1:41:12]} g6 {[%clk 1:32:47]} 5. Nf3 {[%clk 1:41:35]} Bg7 {[%clk 1:33:09]}
6. Nxd4 {[%clk 1:41:56]} cxd4 {[%clk 1:33:32]} 7. Qf3 {[%clk 1:42:17]} Nh6
{[%clk 1:31:38]} 8. Ne2 {[%clk 1:42:37]} O-O {[%clk 1:30:56]} 9. h3
{[%clk 1:38:57]} e6 {[%clk 1:25:15]} 10. d3 {[%clk 1:30:08]} Qb6 {[%clk 1:13:00]}
11. g4 {[%clk 1:13:37]} f6 12. Qg3 Nf7 {[%clk 0:57:20]} 13. f4 {[%clk 1:09:44]}
d5 {[%clk 0:53:50]} 14. exd5 {[%clk 1:08:45]} exd5 {[%clk 0:54:09]} 15. Bb3
{[%clk 1:09:03]} f5 {[%clk 0:53:23]} 16. g5 {[%clk 1:02:23]} Re8 {[%clk 0:44:21]}
17. Qf3 {[%clk 0:56:44]} Be6 {[%clk 0:43:27]} 18. Kf1 Qc5 {[%clk 0:39:27]} 19.
Kg2 {[%clk 0:54:34]} Nd6 {[%clk 0:38:23]} 20. Bd2 {[%clk 0:53:29]} a5
{[%clk 0:36:20]} 21. a4 {[%clk 0:53:25]} Nc4 {[%clk 0:36:22]} 22. Bc1
{[%clk 0:53:16]} Bf7 {[%clk 0:34:11]} 23. Rd1 {[%clk 0:49:59]} Re7
{[%clk 0:32:38]} 24. Kh2 {[%clk 0:46:47]} Rae8 {[%clk 0:31:50]} 25. Ng3
{[%clk 0:47:04]} Ne3 {[%clk 0:27:57]} 26. Rd2 {[%clk 0:41:21]} h6
{[%clk 0:27:15]} 27. h4 {[%clk 0:40:55]} Ng4+ {[%clk 0:26:30]} 28. Kg2
{[%clk 0:41:07]} Re3 {[%clk 0:26:10]} 29. Qf1 {[%clk 0:40:11]} Re1
{[%clk 0:26:16]} 30. Ne4 {[%clk 0:39:05]} R8xe4 {[%clk 0:25:45]} 0-1

[Event "Hastings Masters"]
[Site "Horntye, Hastings"]
[Date "2017.12.29"]
[Round "2.12"]
[White "Willow, Jonah B"]
[Black "Murphy, Conor E"]
[Result "0-1"]
[BlackElo "2313"]
[WhiteElo "2152"]
[LiveChessVersion "1.4.8"]

1. e4 {[%clk 1:39:16]} c5 {[%clk 1:40:30]} 2. Nf3 {[%clk 1:39:16]} e6
{[%clk 1:41:15]} 3. d4 {[%clk 1:41:55]} cxd4 {[%clk 1:41:40]} 4. Nxd4
{[%clk 1:42:21]} Nc6 {[%clk 1:42:04]} 5. Nc3 {[%clk 1:42:48]} Qc7
{[%clk 1:42:29]} 6. g3 {[%clk 1:43:14]} a6 {[%clk 1:42:32]} 7. Bg2
{[%clk 1:43:35]} Nf6 {[%clk 1:42:14]} 8. O-O {[%clk 1:43:17]} Nxd4
{[%clk 1:42:13]} 9. Qxd4 {[%clk 1:43:40]} Bc5 {[%clk 1:42:30]} 10. Bf4
{[%clk 1:43:40]} d6 {[%clk 1:42:53]} 11. Qd2 {[%clk 1:44:06]} h6 {[%clk 1:42:53]}
12. Rad1 {[%clk 1:44:32]} e5 {[%clk 1:43:11]} 13. Be3 {[%clk 1:44:57]} Be6
{[%clk 1:43:12]} 14. Bxc5 {[%clk 1:44:48]} dxc5 {[%clk 1:43:35]} 15. Nd5
{[%clk 1:45:14]} Bxd5 {[%clk 1:43:46]} 16. exd5 {[%clk 1:45:38]} Qd6
{[%clk 1:44:10]} 17. f4 {[%clk 1:46:03]} O-O {[%clk 1:44:22]} 18. fxe5
{[%clk 1:45:49]} Qxe5 {[%clk 1:44:44]} 19. d6 {[%clk 1:45:51]} Qxb2
{[%clk 1:44:54]} 20. Rb1 {[%clk 1:44:25]} Qxa2 {[%clk 1:44:59]} 21. Rxb7
{[%clk 1:28:47]} Rad8 {[%clk 1:45:07]} 22. d7 {[%clk 1:17:49]} a5
{[%clk 1:30:34]} 23. Rd1 a4 {[%clk 1:21:49]} 24. Qc3 {[%clk 0:53:05]} Qe6
{[%clk 1:16:33]} 25. Qxc5 {[%clk 0:47:19]} Rxd7 {[%clk 1:10:54]} 26. Rbxd7
{[%clk 0:41:02]} Nxd7 {[%clk 1:11:11]} 27. Qd4 {[%clk 0:39:15]} Nb6
{[%clk 0:46:34]} 28. Rb1 {[%clk 0:34:07]} Nc4 {[%clk 0:43:20]} 29. Ra1
{[%clk 0:24:38]} Rc8 {[%clk 0:31:48]} 30. Rxa4 {[%clk 0:17:40]} Qe1+
{[%clk 0:31:13]} 31. Bf1 {[%clk 0:18:07]} Nd2 {[%clk 0:29:25]} 32. Qf2
{[%clk 0:13:46]} Qd1 {[%clk 0:16:33]} 33. Qe2 {[%clk 0:07:50]} Nf3+
{[%clk 0:14:30]} 34. Kh1 {[%clk 0:07:51]} Rxc2 {[%clk 0:14:14]} 0-1

[Event "Hastings Masters"]
[Site "Horntye, Hastings"]
[Date "2017.12.29"]
[Round "2.13"]
[White "Pitschka, Claus"]
[Black "Chan, Kim Yew"]
[Result "0-1"]
[BlackElo "2229"]
[WhiteElo "2249"]
[LiveChessVersion "1.4.8"]

1. d4 {[%clk 1:40:56]} Nf6 {[%clk 1:40:45]} 2. Bf4 {[%clk 1:41:16]} d5
{[%clk 1:39:43]} 3. e3 {[%clk 1:41:10]} e6 {[%clk 1:34:58]} 4. Nd2
{[%clk 1:38:18]} c5 {[%clk 1:35:12]} 5. c3 {[%clk 1:38:41]} Nc6 {[%clk 1:35:29]}
6. Bd3 {[%clk 1:38:03]} Bd6 {[%clk 1:35:37]} 7. Bxd6 {[%clk 1:37:33]} Qxd6
{[%clk 1:35:59]} 8. f4 {[%clk 1:37:55]} O-O {[%clk 1:16:03]} 9. Ngf3
{[%clk 1:36:44]} b6 {[%clk 1:13:49]} 10. Ne5 {[%clk 1:33:41]} Bb7
{[%clk 1:13:26]} 11. O-O {[%clk 1:33:09]} Ne7 {[%clk 1:07:02]} 12. Qc2
{[%clk 1:21:19]} c4 {[%clk 0:58:47]} 13. Be2 {[%clk 1:20:27]} Nf5
{[%clk 0:58:46]} 14. Kf2 {[%clk 1:05:04]} Qe7 {[%clk 0:56:58]} 15. Rg1
{[%clk 0:55:14]} b5 {[%clk 0:48:45]} 16. g4 {[%clk 0:53:54]} Nd6 {[%clk 0:49:02]}
17. Bf3 {[%clk 0:52:50]} Nfe4+ {[%clk 0:46:13]} 18. Bxe4 {[%clk 0:52:47]} dxe4
{[%clk 0:39:29]} 19. g5 {[%clk 0:52:27]} Kh8 {[%clk 0:34:11]} 20. Ke2
{[%clk 0:43:07]} f6 {[%clk 0:32:12]} 21. gxf6 {[%clk 0:43:27]} gxf6
{[%clk 0:32:22]} 22. Ng4 {[%clk 0:43:37]} Rg8 {[%clk 0:32:13]} 23. Nf2
{[%clk 0:28:05]} Qf7 {[%clk 0:30:04]} 24. Rxg8+ {[%clk 0:27:33]} Rxg8
{[%clk 0:30:09]} 25. Nf1 {[%clk 0:27:13]} Rg1 {[%clk 0:23:56]} 26. a4
{[%clk 0:27:25]} Qh5+ {[%clk 0:21:13]} 27. Ke1 {[%clk 0:23:33]} Nf5
{[%clk 0:20:12]} 28. Qe2 Qxh2 29. Nd1 {[%clk 0:21:41]} Qh3 {[%clk 0:17:23]} 30.
axb5 {[%clk 0:15:43]} Ng3 {[%clk 0:16:50]} 31. Qxc4 {[%clk 0:15:57]} Rxf1+
{[%clk 0:14:58]} 32. Kd2 {[%clk 0:16:06]} Qg2+ {[%clk 0:14:51]} 33. Kc1
{[%clk 0:16:29]} Ne2+ {[%clk 0:15:04]} 34. Kc2 {[%clk 0:15:10]} Nxd4+
{[%clk 0:15:22]} 0-1

[Event "Hastings Masters"]
[Site "Horntye, Hastings"]
[Date "2017.12.29"]
[Round "2.15"]
[White "Sengupta, Deep"]
[Black "Rayner, Francis"]
[Result "1-0"]
[BlackElo "2071"]
[WhiteElo "2586"]
[LiveChessVersion "1.4.8"]

1. e4 {[%clk 1:40:58]} c5 {[%clk 1:40:31]} 2. Nf3 {[%clk 1:41:24]} d6
{[%clk 1:40:39]} 3. d4 {[%clk 1:41:45]} cxd4 {[%clk 1:41:03]} 4. Qxd4
{[%clk 1:42:09]} a6 {[%clk 1:38:20]} 5. c4 {[%clk 1:41:26]} Nc6 {[%clk 1:38:06]}
6. Qe3 {[%clk 1:41:37]} Nf6 {[%clk 1:36:45]} 7. Nc3 {[%clk 1:42:03]} e6
{[%clk 1:33:52]} 8. Be2 {[%clk 1:42:17]} Be7 {[%clk 1:34:04]} 9. O-O
{[%clk 1:42:40]} O-O {[%clk 1:33:10]} 10. Rd1 {[%clk 1:42:21]} Qc7
{[%clk 1:29:47]} 11. b3 {[%clk 1:39:10]} b6 {[%clk 1:19:29]} 12. Bb2
{[%clk 1:36:39]} Bb7 {[%clk 1:16:28]} 13. Rac1 {[%clk 1:35:51]} Nb8
{[%clk 1:09:28]} 14. Nd4 {[%clk 1:32:12]} Nbd7 {[%clk 1:09:08]} 15. f4
{[%clk 1:30:00]} Rfe8 {[%clk 1:06:25]} 16. Bf3 {[%clk 1:30:24]} Rab8
{[%clk 1:00:22]} 17. Kh1 {[%clk 1:28:27]} Bf8 {[%clk 0:59:16]} 18. Nde2
{[%clk 1:21:25]} Ba8 {[%clk 0:55:04]} 19. Ng3 {[%clk 1:19:44]} Rbc8
{[%clk 0:52:03]} 20. Na4 {[%clk 1:14:09]} e5 {[%clk 0:47:03]} 21. Nc3
{[%clk 1:11:58]} Qc5 {[%clk 0:43:57]} 22. Qd2 {[%clk 1:10:10]} exf4
{[%clk 0:34:18]} 23. Qxf4 {[%clk 1:10:23]} Ne5 {[%clk 0:32:43]} 24. Nf5
{[%clk 1:07:53]} Ng6 {[%clk 0:27:20]} 25. Nh6+ {[%clk 0:50:56]} Kh8
{[%clk 0:25:30]} 26. Nxf7+ {[%clk 0:51:19]} Kg8 {[%clk 0:26:00]} 27. Nh6+
{[%clk 0:51:42]} Kh8 {[%clk 0:26:26]} 28. Qg3 {[%clk 0:51:40]} Nxe4
{[%clk 0:25:00]} 29. Nxe4 {[%clk 0:40:57]} Bxe4 {[%clk 0:25:23]} 30. Re1 Bxf3
{[%clk 0:21:23]} 31. Qxf3 {[%clk 0:31:05]} Ne5 {[%clk 0:19:35]} 32. Bxe5
{[%clk 0:26:26]} dxe5 {[%clk 0:19:57]} 33. Nf7+ {[%clk 0:26:52]} Kg8
{[%clk 0:20:25]} 34. Ng5 {[%clk 0:27:16]} h6 {[%clk 0:18:01]} 35. Ne4
{[%clk 0:23:15]} Qc6 {[%clk 0:17:46]} 36. Rcd1 {[%clk 0:23:14]} Rcd8
{[%clk 0:17:02]} 37. Rd5 {[%clk 0:22:36]} Rd7 {[%clk 0:12:44]} 38. Red1
{[%clk 0:22:09]} Rf7 {[%clk 0:12:52]} 39. Qe2 {[%clk 0:21:49]} Rf4
{[%clk 0:06:58]} 40. g3 {[%clk 0:21:13]} Rf7 {[%clk 0:06:58]} 41. Kg2
{[%clk 0:20:05]} Bc5 {[%clk 0:04:41]} 42. Rf1 {[%clk 0:13:14]} Rxf1
{[%clk 0:03:20]} 43. Qxf1 {[%clk 0:13:43]} Rf8 {[%clk 0:01:44]} 44. Qe2
{[%clk 0:14:05]} Bd4 {[%clk 0:50:04]} 45. Qg4 {[%clk 1:04:18]} Kh7
{[%clk 0:45:03]} 46. h4 {[%clk 0:52:59]} Qg6 {[%clk 0:43:23]} 47. Qxg6+
{[%clk 0:53:25]} Kxg6 {[%clk 0:43:50]} 48. Rd6+ {[%clk 0:53:50]} Kh7
{[%clk 0:39:56]} 49. h5 {[%clk 0:53:44]} Rf5 {[%clk 0:39:05]} 50. Rd7
{[%clk 0:52:40]} Kg8 {[%clk 0:37:55]} 51. b4 {[%clk 0:53:02]} Rf7
{[%clk 0:36:11]} 52. Rd8+ {[%clk 0:50:45]} Rf8 {[%clk 0:35:55]} 53. Rxf8+
{[%clk 0:50:05]} Kxf8 {[%clk 0:36:24]} 54. a4 {[%clk 0:49:52]} Ke7
{[%clk 0:35:42]} 55. Kf3 {[%clk 0:50:18]} Ke6 {[%clk 0:34:54]} 56. g4
{[%clk 0:50:44]} a5 {[%clk 0:31:07]} 57. bxa5 {[%clk 0:50:31]} bxa5
{[%clk 0:31:36]} 58. Ng3 {[%clk 0:50:51]} Kd6 {[%clk 0:30:13]} 59. Nf5+
{[%clk 0:50:57]} Kc5 {[%clk 0:30:27]} 60. Ke4 {[%clk 0:51:23]} Kxc4
{[%clk 0:30:09]} 61. Nxg7 {[%clk 0:51:01]} Bb2 {[%clk 0:25:11]} 62. g5
{[%clk 0:50:39]} Bc1 {[%clk 0:15:40]} 63. g6 {[%clk 0:50:50]} Bg5
{[%clk 0:14:45]} 64. Ne8 {[%clk 0:51:16]} 1-0

[Event "Hastings Masters"]
[Site "Horntye, Hastings"]
[Date "2017.12.29"]
[Round "2.16"]
[White "Ter Steeg, Marcus"]
[Black "Maisuradze, Nino"]
[Result "1/2-1/2"]
[BlackElo "2256"]
[WhiteElo "2066"]
[LiveChessVersion "1.4.8"]

1. d4 {[%clk 1:40:19]} d5 {[%clk 1:40:53]} 2. c4 {[%clk 1:40:37]} c6
{[%clk 1:41:03]} 3. Nf3 {[%clk 1:40:43]} Nf6 {[%clk 1:41:29]} 4. e3
{[%clk 1:41:06]} Bf5 {[%clk 1:41:22]} 5. Nc3 {[%clk 1:41:02]} e6 {[%clk 1:41:41]}
6. Nh4 {[%clk 1:40:34]} Bg6 {[%clk 1:40:38]} 7. Qb3 {[%clk 1:39:36]} Qc7
{[%clk 1:40:04]} 8. h3 {[%clk 1:33:17]} Nbd7 {[%clk 1:39:04]} 9. Be2
{[%clk 1:24:19]} Be7 {[%clk 1:38:17]} 10. Nxg6 {[%clk 1:23:56]} hxg6
{[%clk 1:38:45]} 11. Bd2 {[%clk 1:23:11]} O-O {[%clk 1:38:10]} 12. Rc1
{[%clk 1:23:03]} Rac8 {[%clk 1:33:12]} 13. O-O {[%clk 1:08:28]} a6
{[%clk 1:28:09]} 14. Qc2 {[%clk 0:54:23]} dxc4 15. Bxc4 {[%clk 0:53:31]} b5
{[%clk 1:23:13]} 16. Be2 {[%clk 0:52:37]} c5 {[%clk 1:15:14]} 17. Ne4
{[%clk 0:50:11]} Nxe4 {[%clk 1:02:08]} 18. Qxe4 {[%clk 0:50:32]} Qd6
{[%clk 1:02:27]} 19. a3 {[%clk 0:40:01]} Bf6 {[%clk 0:59:39]} 20. Rfd1
{[%clk 0:34:25]} Qb8 {[%clk 0:40:16]} 21. Bd3 {[%clk 0:26:04]} Qb6
{[%clk 0:33:14]} 22. h4 {[%clk 0:16:55]} cxd4 {[%clk 0:31:42]} 23. h5
{[%clk 0:16:49]} Nc5 {[%clk 0:30:29]} 24. Rxc5 {[%clk 0:17:04]} Rxc5
{[%clk 0:16:28]} 25. hxg6 {[%clk 0:17:32]} fxg6 {[%clk 0:06:50]} 26. Qxg6
{[%clk 0:17:59]} a5 {[%clk 0:04:31]} 27. Qh7+ {[%clk 0:17:01]} Kf7
{[%clk 0:04:59]} 28. Bg6+ {[%clk 0:15:06]} Ke7 {[%clk 0:05:25]} 29. b4
{[%clk 0:14:59]} Qb8 {[%clk 0:00:41]} 30. Qh3 {[%clk 0:06:15]} Rg5
{[%clk 0:00:47]} 31. Bd3 {[%clk 0:06:04]} Rh8 {[%clk 0:01:05]} 32. Qf3
{[%clk 0:06:28]} Qh2+ {[%clk 0:00:43]} 33. Kf1 {[%clk 0:06:57]} Qh1+
{[%clk 0:00:46]} 34. Ke2 {[%clk 0:07:26]} Qxg2 {[%clk 0:00:57]} 35. Qxg2
{[%clk 0:05:26]} Rxg2 {[%clk 0:01:26]} 36. Be4 {[%clk 0:03:07]} Rg4
{[%clk 0:01:01]} 37. Bf3 {[%clk 0:03:28]} d3+ {[%clk 0:00:55]} 38. Kxd3
{[%clk 0:03:10]} Rd8+ {[%clk 0:01:17]} 39. Ke2 {[%clk 0:03:21]} Rc4
{[%clk 0:01:36]} 40. bxa5 {[%clk 0:03:18]} Rc2 {[%clk 0:01:02]} 41. a6
{[%clk 0:28:04]} Bc3 {[%clk 0:48:26]} 42. a7 {[%clk 0:25:58]} Bxd2
{[%clk 0:48:04]} 43. Kf1 {[%clk 0:24:04]} Rcc8 {[%clk 0:25:12]} 44. Ke2
{[%clk 0:21:43]} Rc2 {[%clk 0:22:28]} 45. Kf1 {[%clk 0:22:12]} Rc1
{[%clk 0:22:21]} 46. Rxc1 {[%clk 0:22:11]} Bxc1 {[%clk 0:22:47]} 47. a8=Q
{[%clk 0:22:26]} Rxa8 {[%clk 0:23:14]} 48. Bxa8 {[%clk 0:22:48]} Kd6
{[%clk 0:23:34]} 49. Ke2 {[%clk 0:22:23]} Bxa3 {[%clk 0:19:19]} 50. Kd3
{[%clk 0:19:17]} Kc5 {[%clk 0:17:26]} 51. Bb7 {[%clk 0:12:07]} Bb2
{[%clk 0:14:31]} 52. Bc8 {[%clk 0:11:37]} Kd6 {[%clk 0:13:45]} 53. Ba6
{[%clk 0:10:46]} b4 {[%clk 0:14:12]} 54. Bc4 {[%clk 0:10:59]} g5 {[%clk 0:12:10]}
55. Ke4 {[%clk 0:09:49]} Bc1 {[%clk 0:05:12]} 56. f3 {[%clk 0:10:17]} Bd2
{[%clk 0:04:52]} 57. Bb3 {[%clk 0:07:59]} Bc3 {[%clk 0:03:54]} 58. Bc4
{[%clk 0:08:17]} Bf6 {[%clk 0:04:13]} 59. Bb3 {[%clk 0:08:30]} Bd8
{[%clk 0:04:36]} 60. Bc4 {[%clk 0:08:44]} Bb6 {[%clk 0:04:48]} 61. Bb3
{[%clk 0:09:06]} Ke7 {[%clk 0:05:04]} 62. Bc4 {[%clk 0:09:17]} Kf6
{[%clk 0:05:31]} 63. Bb3 {[%clk 0:09:29]} e5 {[%clk 0:05:57]} 64. Bc4
{[%clk 0:09:31]} Bc7 {[%clk 0:05:46]} 65. Kd5 {[%clk 0:06:59]} Bb6
{[%clk 0:03:59]} 66. e4 {[%clk 0:05:37]} Bd4 {[%clk 0:04:14]} 67. Bb3
{[%clk 0:05:18]} Kg6 {[%clk 0:04:19]} 68. Kc4 {[%clk 0:05:19]} Kh5
{[%clk 0:04:44]} 69. Ba4 {[%clk 0:05:34]} Kh4 {[%clk 0:04:06]} 70. Bd7
{[%clk 0:05:44]} Kg3 {[%clk 0:04:25]} 71. Bg4 {[%clk 0:05:53]} Bc3
{[%clk 0:04:42]} 72. Kb3 {[%clk 0:06:13]} Kf2 {[%clk 0:03:48]} 73. Bh5
{[%clk 0:06:30]} 1/2-1/2